[Event "DSOL 2021"]
[Site "Germany"]
[Date "2021.02.09"]
[Round "3.3"]
[White "Lackinger, Juergen"]
[Black "Haus, Volker"]
[Result "1-0"]
[WhiteElo "1845"]
[BlackElo "2129"]
[Annotator "TA"]
[PlyCount "51"]
[EventDate "2021.01.18"]
[EventType "team-tourn"]
[EventCountry "GER"]
[SourceTitle "playchess.com"]
[Source "ChessBase"]
[SourceQuality "1"]

1. c4 d6 2. g3 e5 3. Bg2 c6 4. Nc3 Be6 5. d3 Be7 6. e4 Nd7 7. Nge2 g5 8. b3 h5 9. h3 c5 10. Be3 a6 11. Qd2 Rb8 12. a4 Nh6 13. h4 f6 14. Bh3 Ng4 15. f3 gxh4 16. gxh4 Nxe3 17. Bxe6 Ng2+ 18. Kf1 Nf8 19. Bf5 Nf4 20. Nxf4 exf4 21. Qxf4 Qb6 22. Rb1 Qc6 23. Nd5 b5 24. axb5 axb5 25. Qg3 bxc4 26. Qg7 1-0

[Event "DSOL 2021"]
[Site "Germany"]
[Date "2021.02.10"]
[Round "3.3"]
[White "Thieu, Nguyen Gia Bao"]
[Black "Magnussen, Helge"]
[Result "0-1"]
[WhiteElo "1839"]
[BlackElo "2074"]
[Annotator "TA"]
[PlyCount "68"]
[EventDate "2021.01.18"]
[EventType "team-tourn"]
[EventCountry "GER"]
[SourceTitle "playchess.com"]
[Source "ChessBase"]
[SourceQuality "1"]

1. e4 e6 2. d4 d5 3. Nc3 Bb4 4. e5 c5 5. Nf3 Nc6 6. a3 cxd4 7. axb4 dxc3 8. bxc3 Qc7 9. Bf4 Nge7 10. Bd3 Ng6 11. Bxg6 hxg6 12. Bg3 Bd7 13. Qd2 Ne7 14. Nd4 Qc4 15. Qd3 O-O 16. Qxc4 dxc4 17. O-O a6 18. f3 Nd5 19. Be1 a5 20. b5 Ne3 21. Rf2 Nf5 22. Nxf5 exf5 23. b6 Rfe8 24. Rd2 Bc6 25. f4 g5 26. g3 gxf4 27. gxf4 Re6 28. Rd4 Rg6+ 29. Kf1 Bg2+ 30. Ke2 Be4 31. Bg3 Rxb6 32. Rxc4 Rb2 33. Rca4 Bxc2 34. Rxa5 Ba4+ 0-1

[Event "DSOL 2021"]
[Site "Germany"]
[Date "2021.02.09"]
[Round "3.3"]
[White "Evers, Annika"]
[Black "Browning, Rebecca"]
[Result "1-0"]
[WhiteElo "1808"]
[BlackElo "1918"]
[Annotator "TA"]
[PlyCount "111"]
[EventDate "2021.01.18"]
[EventType "team-tourn"]
[EventCountry "GER"]
[SourceTitle "playchess.com"]
[Source "ChessBase"]
[SourceQuality "1"]

1. d4 d5 2. Nf3 Nf6 3. e3 c6 4. Bd3 Bg4 5. Nbd2 e6 6. c4 Bd6 7. Qb3 Qb6 8. Ne5 Bh5 9. c5 Qxb3 10. Nxb3 Bxe5 11. dxe5 Nfd7 12. f4 Bg6 13. Bxg6 hxg6 14. Bd2 Na6 15. Rc1 g5 16. O-O g4 17. Rfe1 Rh5 18. e4 dxe4 19. Rxe4 O-O-O 20. Re2 Nf8 21. Ba5 Rd5 22. Rd2 Nd7 23. Rxd5 exd5 24. Be1 g5 25. g3 Kd8 26. a3 Rh3 27. Bc3 gxf4 28. gxf4 Rf3 29. Rf1 Rxf1+ 30. Kxf1 Naxc5 31. Nxc5 Nxc5 32. Kg2 Ne4 33. a4 Ke7 34. f5 c5 35. Be1 f6 36. Bh4 Kf7 37. e6+ Ke7 38. Bg3 a6 39. Kf1 Nd2+ 40. Kg2 Nc4 41. Bf2 b6 42. Kg3 d4 43. Kxg4 Nxb2 44. h4 Nc4 45. h5 Nd6 46. h6 Kf8 47. Bg3 Ne8 48. Kh5 Kg8 49. Kg6 d3 50. Be1 b5 51. axb5 axb5 52. h7+ Kh8 53. Kf7 Nc7 54. Kxf6 b4 55. Kg6 Nd5 56. f6 1-0

[Event "DSOL 2021"]
[Site "Germany"]
[Date "2021.02.12"]
[Round "3.3"]
[White "Chessmickey"]
[Black "Schweizer, Fabian"]
[Result "1-0"]
[WhiteElo "1736"]
[BlackElo "1620"]
[Annotator "NA RC"]
[PlyCount "41"]
[EventDate "2021.01.18"]
[EventType "team-tourn"]
[EventCountry "GER"]
[SourceTitle "playchess.com"]
[Source "ChessBase"]
[SourceQuality "1"]
[WhiteTeam "SF Gern VI"]
[BlackTeam "SF Birkenfeld III "]

1. e4 e5 2. Nf3 Nc6 3. Bc4 Bc5 4. c3 Nf6 5. d4 exd4 6. cxd4 Bb4+ 7. Nc3 Nxe4 8. O-O Nxc3 9. bxc3 Bxc3 10. Ba3 d6 11. Rc1 Ba5 12. d5 Ne5 13. Nxe5 dxe5 14. Qa4+ c6 15. dxc6 bxc6 16. Qxc6+ Bd7 17. Qd5 Be6 18. Qxe5 Bc7 19. Qxg7 Qh4 20. g3 O-O-O 21. Bxe6+ 1-0

[Event "DSOL 2021"]
[Site "Germany"]
[Date "2021.02.10"]
[Round "3.3"]
[White "Muenz, Werner"]
[Black "Matthaei, Jakob"]
[Result "1/2-1/2"]
[WhiteElo "1722"]
[BlackElo "1919"]
[Annotator "TA"]
[PlyCount "61"]
[EventDate "2021.01.18"]
[EventType "team-tourn"]
[EventCountry "GER"]
[SourceTitle "playchess.com"]
[Source "ChessBase"]
[SourceQuality "1"]

1. e4 e5 2. Nf3 Nc6 3. Bc4 Bc5 4. c3 Nf6 5. d4 exd4 6. cxd4 Bb4+ 7. Bd2 Bxd2+ 8. Nbxd2 d5 9. exd5 Nxd5 10. Qb3 Nce7 11. O-O O-O 12. Rfe1 c6 13. a4 Nb6 14. Bd3 Ng6 15. a5 Nd5 16. Bc4 Rb8 17. Ne4 h6 18. Nc3 Ngf4 19. Nxd5 cxd5 20. Bf1 Be6 21. Qe3 Qf6 22. Rac1 Rfe8 23. Rc7 Ng6 24. Bb5 Bd7 25. Qd3 Rxe1+ 26. Nxe1 Re8 27. Nf3 Nf4 28. Qb3 Bxb5 29. Qxb5 Qe6 30. h3 Kh7 31. Qd7 1/2-1/2

[Event "DSOL 2021"]
[Site "Germany"]
[Date "2021.02.12"]
[Round "3.3"]
[White "Neumann, Oskar"]
[Black "Lange, Martin"]
[Result "1-0"]
[WhiteElo "1691"]
[BlackElo "1844"]
[Annotator "NA RC"]
[PlyCount "55"]
[EventDate "2021.01.18"]
[EventType "team-tourn"]
[EventCountry "GER"]
[SourceTitle "playchess.com"]
[Source "ChessBase"]
[SourceQuality "1"]
[WhiteTeam "SK Johanneum Eppendorf III"]
[BlackTeam "SF Gern I "]

1. e4 e6 2. d4 d5 3. Nd2 Nf6 4. e5 Nfd7 5. Bd3 c5 6. c3 Nc6 7. Ne2 cxd4 8. cxd4 f6 9. exf6 Nxf6 10. Nf3 Bd6 11. Bf4 O-O 12. Qc1 Ne4 13. O-O Bxf4 14. Nxf4 Qd6 15. g3 e5 16. dxe5 Nxe5 17. Nxe5 Qxe5 18. Re1 Bf5 19. Nxd5 Rac8 20. Nc3 Rfe8 21. Bxe4 Bxe4 22. Qe3 Rxc3 23. Qxc3 Qh5 24. Qc4+ Bd5 25. Rxe8+ Kf7 26. Qe2 Qh3 27. Qe7+ Kg6 28. Qd6+ 1-0

[Event "DSOL 2021"]
[Site "Germany"]
[Date "2021.02.08"]
[Round "3.3"]
[White "Hafensteiner, Tim"]
[Black "Becker, Marco"]
[Result "0-1"]
[WhiteElo "1677"]
[BlackElo "1441"]
[Annotator "NA RC"]
[PlyCount "54"]
[EventDate "2021.01.18"]
[EventType "team-tourn"]
[EventCountry "GER"]
[SourceTitle "playchess.com"]
[Source "ChessBase"]
[SourceQuality "1"]

1. e4 c6 2. d4 d5 3. exd5 cxd5 4. Bf4 Nf6 5. Bd3 Nc6 6. c3 Bg4 7. Nf3 e6 8. Nbd2 Bd6 9. Bxd6 Qxd6 10. O-O O-O 11. Qc2 Rac8 12. a3 a6 13. Rae1 Bxf3 14. Nxf3 b5 15. Ne5 Nxd4 16. Qd2 Nc6 17. f4 Qc7 18. Rf3 Rfd8 19. h3 Qb6+ 20. Kh2 g6 21. g4 d4 22. f5 Nxe5 23. Rxe5 dxc3 24. bxc3 Qd6 25. Qe2 exf5 26. gxf5 Nd7 27. fxg6 hxg6 0-1

[Event "DSOL 2021"]
[Site "Germany"]
[Date "2021.02.12"]
[Round "3.3"]
[White "Haas, Frank-Martin"]
[Black "Lenz, Jonas"]
[Result "1/2-1/2"]
[WhiteElo "1624"]
[BlackElo "1879"]
[Annotator "NA RC"]
[PlyCount "96"]
[EventDate "2021.01.18"]
[EventType "team-tourn"]
[EventCountry "GER"]
[SourceTitle "playchess.com"]
[Source "ChessBase"]
[SourceQuality "1"]
[WhiteTeam "SV Walldorf I"]
[BlackTeam "SK Bad Homburg I "]

1. e4 c5 2. d4 cxd4 3. c3 d3 4. Bxd3 Nc6 5. c4 d6 6. Nc3 g6 7. Be3 Nf6 8. h3 Bg7 9. Nf3 O-O 10. O-O Nd7 11. Rc1 Nde5 12. Be2 Nxf3+ 13. Bxf3 Qa5 14. Qd2 Be6 15. b3 Rac8 16. Rfd1 a6 17. Be2 Rfe8 18. Nd5 Qxd2 19. Rxd2 Bxd5 20. Rxd5 Bb2 21. Rb1 Bf6 22. a3 Red8 23. f4 e6 24. Rd2 Bc3 25. Rd3 Bf6 26. Bb6 Rd7 27. Bf3 Bd8 28. Bf2 Bc7 29. Rbd1 Rdd8 30. g3 e5 31. f5 Nd4 32. Bxd4 exd4 33. Kg2 Bb6 34. Be2 Re8 35. Bf3 Re5 36. g4 Ba7 37. a4 b5 38. cxb5 axb5 39. axb5 Rxb5 40. Ra1 Bc5 41. Ra6 Bb6 42. Bd1 Kg7 43. g5 gxf5 44. exf5 h6 45. h4 hxg5 46. hxg5 Bd8 47. Rxd6 Bxg5 48. R6xd4 Rxf5 1/2-1/2

[Event "DSOL 2021"]
[Site "Germany"]
[Date "2021.02.08"]
[Round "3.3"]
[White "Glitz, Martin"]
[Black "Ramirez Marin, Ivan"]
[Result "0-1"]
[WhiteElo "1620"]
[BlackElo "1709"]
[Annotator "NA RC"]
[PlyCount "90"]
[EventDate "2021.01.18"]
[EventType "team-tourn"]
[EventCountry "GER"]
[SourceTitle "playchess.com"]
[Source "ChessBase"]
[SourceQuality "1"]

1. e4 c5 2. Nf3 Nc6 3. d4 cxd4 4. Nxd4 Nf6 5. Nc3 e5 6. Ndb5 d6 7. Bg5 a6 8. Na3 b5 9. Nd5 Be7 10. Bxf6 Bxf6 11. c3 O-O 12. Nc2 Bg5 13. a4 bxa4 14. Rxa4 a5 15. Bc4 Bd7 16. Nce3 Ne7 17. Ra2 a4 18. O-O Nxd5 19. Bxd5 Rc8 20. Nc4 Bb5 21. Rxa4 Bxa4 22. Qxa4 Kh8 23. Qa6 Be7 24. b4 f5 25. exf5 Rxf5 26. Ne3 Rf8 27. c4 Bg5 28. Qa7 Rb8 29. b5 Rb6 30. Ra1 Bxe3 31. fxe3 Qf6 32. h3 Qf2+ 33. Kh1 Qxe3 34. Qe7 Rbb8 35. Qxd6 Rbd8 36. Qe7 Rde8 37. Qd7 Qd4 38. Rg1 e4 39. b6 Qxb6 40. Qg4 e3 41. Re1 Qb4 42. Qh4 Rf2 43. Rg1 Qe7 44. Qh5 e2 45. Bf7 Rxf7 0-1

[Event "DSOL 2021"]
[Site "Germany"]
[Date "2021.02.12"]
[Round "3.3"]
[White "Hildebrand, Azat"]
[Black "Munteanu, Rares"]
[Result "1-0"]
[WhiteElo "1620"]
[BlackElo "1620"]
[Annotator "NA RC"]
[PlyCount "107"]
[EventDate "2021.01.18"]
[EventType "team-tourn"]
[EventCountry "GER"]
[SourceTitle "playchess.com"]
[Source "ChessBase"]
[SourceQuality "1"]
[WhiteTeam "SF Gern VII"]
[BlackTeam "SK Bickenbach IV "]

1. e4 e5 2. Nf3 Nc6 3. Bc4 Bc5 4. O-O Nf6 5. Ng5 O-O 6. c3 Na5 7. d4 Nxc4 8. dxc5 d6 9. h3 dxc5 10. Qxd8 Rxd8 11. b3 Nd6 12. Rd1 b6 13. Na3 Bb7 14. Be3 Bxe4 15. Nxe4 Ndxe4 16. f3 Nxc3 17. Rdc1 Ne2+ 18. Kf1 Nxc1 19. Rxc1 e4 20. fxe4 Nxe4 21. Bf4 Rac8 22. Nb5 a6 23. Nxc7 Rxc7 24. Bxc7 Re8 25. Bxb6 Ng3+ 26. Kf2 Ne4+ 27. Kg1 h6 28. Re1 Ng5 29. Rxe8+ Kh7 30. h4 h5 31. hxg5 h4 32. g3 Kg6 33. gxh4 Kf5 34. h5 g6 35. hxg6 f6 36. gxf6 Kg5 37. g7 Kxf6 38. g8=Q Kf5 39. Qf7+ Kg5 40. Rg8+ Kh6 41. Qh7+ Kxh7 42. Bxc5 Kh6 43. b4 Kh7 44. b5 Kh6 45. bxa6 Kh7 46. a7 Kh6 47. a8=Q Kh7 48. Qh1+ Kxg8 49. Qb7 Kh8 50. a4 Kg8 51. a5 Kh8 52. a6 Kg8 53. a7 Kh8 54. a8=Q# 1-0

[Event "DSOL 2021"]
[Site "Germany"]
[Date "2021.02.10"]
[Round "3.3"]
[White "Skogvall, Martina"]
[Black "Placke, Jens"]
[Result "1-0"]
[WhiteElo "1620"]
[BlackElo "1630"]
[Annotator "NA RC"]
[PlyCount "95"]
[EventDate "2021.01.18"]
[EventType "team-tourn"]
[EventCountry "GER"]
[SourceTitle "playchess.com"]
[Source "ChessBase"]
[SourceQuality "1"]

1. e4 c6 2. d4 d5 3. exd5 cxd5 4. Bd3 Nc6 5. c3 Nf6 6. h3 h6 7. Nf3 e6 8. Bf4 Bd6 9. Bxd6 Qxd6 10. O-O Bd7 11. Na3 Rc8 12. Nb5 Qb8 13. a4 O-O 14. Re1 a6 15. Na3 Qf4 16. g3 Qb8 17. Ne5 Nxe5 18. dxe5 Ne8 19. Nc2 Bc6 20. Nd4 Qc7 21. Bc2 Qe7 22. Qd3 g6 23. h4 Ng7 24. Qe3 Kh7 25. Qf3 Nf5 26. Qg4 Nxd4 27. cxd4 Kg7 28. h5 Qg5 29. Qxg5 hxg5 30. hxg6 fxg6 31. Rac1 Rc7 32. Bb3 Rf3 33. Rc3 Rcf7 34. Re2 Rxc3 35. bxc3 Rf3 36. Rc2 b5 37. a5 Kf8 38. Kf1 b4 39. Ke2 Rxc3 40. Rxc3 bxc3 41. Kd3 Bb5+ 42. Kxc3 Kg7 43. Bd1 Kf7 44. Kb4 Ke7 45. Kc5 Bd3 46. Ba4 Kd8 47. Kd6 Bf5 48. Bd7 1-0

[Event "DSOL 2021"]
[Site "Germany"]
[Date "2021.02.08"]
[Round "3.3"]
[White "Offermanns, Robert"]
[Black "Meyer, Frank"]
[Result "1/2-1/2"]
[WhiteElo "1553"]
[BlackElo "1620"]
[Annotator "NA RC"]
[PlyCount "84"]
[EventDate "2021.01.18"]
[EventType "team-tourn"]
[EventCountry "GER"]
[SourceTitle "playchess.com"]
[Source "ChessBase"]
[SourceQuality "1"]

1. d4 d5 2. Nf3 Nf6 3. Bf4 e6 4. e3 Bd6 5. Ne5 Nbd7 6. Nd2 c6 7. Nxf7 Kxf7 8. Bxd6 Qa5 9. c3 Re8 10. Qf3 e5 11. dxe5 Nxe5 12. Bxe5 Rxe5 13. Qf4 Re7 14. Bd3 Kg8 15. O-O Qc7 16. Qxc7 Rxc7 17. e4 dxe4 18. Nxe4 Nd5 19. Nd6 Rd7 20. Nxc8 Rxc8 21. g3 Rcd8 22. Bc4 Kf8 23. Rfe1 Nf6 24. Re2 Rd2 25. Rae1 Rd1 26. Rxd1 Rxd1+ 27. Kg2 Rd6 28. b4 b5 29. Bb3 Rd3 30. Re3 Rd7 31. Kf3 g6 32. Ke2 Kg7 33. Re6 Rc7 34. f3 c5 35. bxc5 Rxc5 36. Kd3 Rc7 37. Rd6 Nd7 38. Kd4 Kf8 39. Rd5 Rb7 40. Rd6 Rc7 41. Bd5 Nb6 42. Bb3 Nd7 1/2-1/2

[Event "DSOL 2021"]
[Site "Germany"]
[Date "2021.02.12"]
[Round "3.3"]
[White "Sickmann, Lisa"]
[Black "Raider, Eugen"]
[Result "1-0"]
[WhiteElo "1510"]
[BlackElo "2005"]
[Annotator "TA"]
[PlyCount "91"]
[EventDate "2021.01.18"]
[EventType "team-tourn"]
[EventCountry "GER"]
[SourceTitle "playchess.com"]
[Source "ChessBase"]
[SourceQuality "1"]
[WhiteTeam "Lübecker SV"]
[BlackTeam "Königsspringer Hamburg "]

1. e4 c5 2. Nf3 Nc6 3. d4 cxd4 4. Nxd4 Nf6 5. Nc3 e5 6. Ndb5 d6 7. Bg5 a6 8. Na3 b5 9. Nd5 Be7 10. Bxf6 Bxf6 11. Be2 Bg5 12. c3 O-O 13. Nc2 g6 14. O-O f5 15. f3 f4 16. a4 Bh4 17. axb5 Bg3 18. Bc4 Kh8 19. hxg3 fxg3 20. Re1 Qh4 21. Kf1 Qh1+ 22. Ke2 Qxg2+ 23. Ke3 Qf2+ 24. Kd3 Rxf3+ 25. Re3 Bg4 26. Rxf3 Bxf3 27. Qe1 Nd8 28. Qxf2 gxf2 29. Ke3 Bg2 30. bxa6 Nc6 31. Ncb4 Na7 32. Bf1 Bxf1 33. Rxf1 Kg7 34. Rxf2 h5 35. Rf6 Rd8 36. Re6 Nc8 37. Nc6 Rf8 38. a7 Nxa7 39. Nxa7 h4 40. Rf6 h3 41. Rxf8 Kxf8 42. Kf3 g5 43. b4 Ke8 44. b5 Kd7 45. b6 g4+ 46. Kg3 1-0

[Event "DSOL 2021"]
[Site "Germany"]
[Date "2021.02.09"]
[Round "3.4"]
[White "Kollars, Dmitrij"]
[Black "Poess, Frank"]
[Result "1-0"]
[WhiteElo "2598"]
[BlackElo "1598"]
[Annotator "TA"]
[PlyCount "59"]
[EventDate "2021.01.18"]
[EventType "team-tourn"]
[EventCountry "GER"]
[SourceTitle "playchess.com"]
[Source "ChessBase"]
[SourceQuality "1"]

1. c4 e6 2. Nf3 d5 3. g3 Nf6 4. Bg2 dxc4 5. Qa4+ Bd7 6. Qxc4 c5 7. Ne5 Qc8 8. O-O Nc6 9. Nxd7 Qxd7 10. Qa4 Nd5 11. Nc3 Be7 12. d3 O-O 13. a3 Rfd8 14. Bd2 a6 15. Rfc1 b5 16. Qd1 Nxc3 17. bxc3 Rab8 18. Bf4 Bd6 19. Be3 Be7 20. a4 Ne5 21. axb5 axb5 22. Bf4 f6 23. Ra6 Rbc8 24. Bxe5 fxe5 25. Be4 c4 26. Qf1 Bd6 27. Rd1 Qe7 28. Rb6 Rb8 29. Rxb8 Bc7 30. Rxd8+ 1-0

[Event "DSOL 2021"]
[Site "Germany"]
[Date "2021.02.12"]
[Round "3.4"]
[White "Carlstedt, Jonathan"]
[Black "Faldum, Manfred"]
[Result "1-0"]
[WhiteElo "2451"]
[BlackElo "2052"]
[Annotator "TA"]
[PlyCount "93"]
[EventDate "2021.01.18"]
[EventType "team-tourn"]
[EventCountry "GER"]
[SourceTitle "playchess.com"]
[Source "ChessBase"]
[SourceQuality "1"]
[WhiteTeam "Werder Bremen"]
[BlackTeam "Heidesheim"]

1. d4 g6 2. h4 h5 3. Nc3 Bg7 4. Nf3 Nf6 5. Bg5 O-O 6. Qd2 c5 7. d5 d6 8. e4 Qb6 9. Bd3 Ng4 10. O-O Re8 11. a4 Bd7 12. Nb5 c4 13. Bxc4 Bxb2 14. Rab1 Bg7 15. Qb4 a5 16. Qa3 Na6 17. Ba2 Bxb5 18. Rxb5 Qc7 19. Bd2 Nc5 20. Re1 Nd7 21. Qb3 Reb8 22. Bb1 Nc5 23. Qc4 Rc8 24. Ba2 Qd7 25. Reb1 Qc7 26. c3 Bf6 27. Bf4 Ra7 28. Nd4 Nxe4 29. Nc6 bxc6 30. dxc6 Nxc3 31. Qxf7+ Kh8 32. Qxg6 Ne2+ 33. Kf1 Nxf4 34. Rxh5+ Nxh5 35. Qxh5+ Kg7 36. Qxg4+ Kh7 37. h5 Bg7 38. Qg6+ Kh8 39. h6 Be5 40. Re1 e6 41. Rxe5 dxe5 42. Qf6+ Kg8 43. Bxe6+ Kh7 44. Bf5+ Kg8 45. h7+ Qxh7 46. Bxh7+ Rxh7 47. Qe6+ 1-0

[Event "DSOL 2021"]
[Site "Germany"]
[Date "2021.02.10"]
[Round "3.4"]
[White "Stephan, Victor"]
[Black "Brockmeyer, Tobias"]
[Result "1-0"]
[WhiteElo "2430"]
[BlackElo "1890"]
[Annotator "TA"]
[PlyCount "99"]
[EventDate "2021.01.18"]
[EventType "team-tourn"]
[EventCountry "GER"]
[SourceTitle "playchess.com"]
[Source "ChessBase"]
[SourceQuality "1"]

1. Nf3 d5 2. c4 d4 3. b4 g6 4. d3 Bg7 5. g3 c5 6. Bg2 Nf6 7. O-O O-O 8. Bb2 Re8 9. bxc5 Nc6 10. Nbd2 e5 11. Ng5 Bf5 12. Qb3 Rb8 13. a4 Bf8 14. Ba3 Qa5 15. Nde4 Bxe4 16. Nxe4 Nxe4 17. Bxe4 Bxc5 18. Rfb1 Bxa3 19. Qxa3 Qc7 20. a5 f5 21. Bd5+ Kg7 22. Rb5 Ne7 23. Rab1 Nxd5 24. Rxd5 Rbd8 25. Rdb5 Rb8 26. Qb4 Re7 27. c5 Qc6 28. a6 Qxa6 29. c6 Rc7 30. Rxb7 Rcxb7 31. cxb7 Qe6 32. Qa5 Qd6 33. Qxa7 Kh6 34. Qb6 Qxb6 35. Rxb6 Kg7 36. Kg2 Kf7 37. Kf3 Ke7 38. g4 Kd7 39. gxf5 gxf5 40. Rh6 Re8 41. Rxh7+ Kc6 42. h4 e4+ 43. Kf4 exd3 44. exd3 Kd6 45. h5 Ke6 46. h6 Kf6 47. Rc7 Rb8 48. h7 Rxb7 49. Rxb7 Kg6 50. Kf3 1-0

[Event "DSOL 2021"]
[Site "Germany"]
[Date "2021.02.09"]
[Round "3.4"]
[White "Mueller, Klaus"]
[Black "Goriss, Paul"]
[Result "0-1"]
[WhiteElo "2320"]
[BlackElo "1550"]
[Annotator "TA"]
[PlyCount "120"]
[EventDate "2021.01.18"]
[EventType "team-tourn"]
[EventCountry "GER"]
[SourceTitle "playchess.com"]
[Source "ChessBase"]
[SourceQuality "1"]

1. d4 Nf6 2. Nf3 e6 3. e3 c5 4. Bd3 d5 5. c3 Nc6 6. Nbd2 c4 7. Bc2 b5 8. e4 dxe4 9. Nxe4 Be7 10. Qe2 O-O 11. O-O Nd5 12. Bg5 f6 13. Bd2 a5 14. a4 b4 15. Qxc4 Qb6 16. Qe2 bxc3 17. bxc3 Re8 18. Rab1 Qc7 19. Bd3 Bf8 20. Bc4 Nd8 21. Rfc1 Kh8 22. Ng3 Nf7 23. Bxd5 Ba6 24. Qe3 exd5 25. Qf4 Bd6 26. Qh4 Bd3 27. Ra1 g5 28. Qg4 Bxg3 29. Qxg3 Qxg3 30. fxg3 Re2 31. Re1 Rae8 32. Rxe2 Rxe2 33. Re1 g4 34. Rxe2 Bxe2 35. Ne1 Bd1 36. Nd3 Bxa4 37. Nc5 Bc2 38. Kf2 a4 39. Bc1 Nd6 40. Ke3 Nc4+ 41. Kf4 h5 42. h3 gxh3 43. gxh3 a3 44. Bxa3 Nxa3 45. Nd7 Kg7 46. g4 hxg4 47. hxg4 Nb5 48. Nb6 Be4 49. Na4 Bd3 50. Nb2 Bb1 51. g5 fxg5+ 52. Kxg5 Nxc3 53. Kf4 Kf6 54. Ke3 Kf5 55. Kd2 Nb5 56. Ke3 Bc2 57. Kd2 Nxd4 58. Nd3 Bxd3 59. Kxd3 Ke5 60. Ke3 Nb5 0-1

[Event "DSOL 2021"]
[Site "Germany"]
[Date "2021.02.11"]
[Round "3.4"]
[White "Buchal, Stephan"]
[Black "Weidemann, Jakob"]
[Result "1/2-1/2"]
[WhiteElo "2256"]
[BlackElo "1620"]
[Annotator "TA"]
[PlyCount "65"]
[EventDate "2021.01.18"]
[EventType "team-tourn"]
[EventCountry "GER"]
[SourceTitle "playchess.com"]
[Source "ChessBase"]
[SourceQuality "1"]

1. c4 Nf6 2. g3 e5 3. Bg2 d5 4. cxd5 Nxd5 5. Nf3 Nc6 6. O-O Nb6 7. a3 Be7 8. d3 O-O 9. Nc3 Be6 10. b4 a5 11. b5 Nd4 12. Nd2 c6 13. Rb1 cxb5 14. Nxb5 Bd5 15. e4 Nxb5 16. Rxb5 Bc6 17. Rxe5 Qxd3 18. Rxe7 Qd6 19. Qb3 Ra6 20. Rxf7 Rxf7 21. Nf3 Bxe4 22. Ng5 Qd5 23. Qxd5 Bxd5 24. Nxf7 Kxf7 25. Rd1 Bxg2 26. Kxg2 Ke7 27. Bg5+ Ke6 28. Rb1 Kd7 29. Be3 Kc6 30. Rc1+ Kd7 31. Rb1 Kc6 32. Rc1+ Kd7 33. Rb1 1/2-1/2

[Event "DSOL 2021"]
[Site "Germany"]
[Date "2021.02.08"]
[Round "3.4"]
[White "Nagel, Bernhard"]
[Black "Keyser, Robin"]
[Result "0-1"]
[WhiteElo "2180"]
[BlackElo "2070"]
[Annotator "TA"]
[PlyCount "112"]
[EventDate "2021.01.18"]
[EventType "team-tourn"]
[EventCountry "GER"]
[SourceTitle "playchess.com"]
[Source "ChessBase"]
[SourceQuality "1"]

1. c4 c6 2. d4 d5 3. Nc3 Nf6 4. e3 e6 5. Nf3 Nbd7 6. Be2 Bd6 7. O-O O-O 8. b3 b6 9. Bb2 Qe7 10. Bd3 Bb7 11. e4 dxe4 12. Nxe4 Nxe4 13. Bxe4 f5 14. Bc2 c5 15. Re1 cxd4 16. Bxd4 Rad8 17. Bc3 e5 18. Qe2 e4 19. Rad1 Nc5 20. Nd4 Be5 21. b4 Qf6 22. bxc5 bxc5 23. Nxf5 Bxc3 24. Ne3 Bxe1 25. Qxe1 Rxd1 26. Bxd1 Qb2 27. Bb3 Kh8 28. h3 h6 29. Nd1 Qc1 30. Kh2 e3 31. fxe3 Rd8 32. Qg3 Qd2 33. h4 Qd6 34. Nf2 Qxg3+ 35. Kxg3 Kg8 36. e4 Kf7 37. Kf3 Ke6 38. g3 Rd2 39. Ke3 Rd4 40. Kf4 a5 41. h5 Bc6 42. Bd1 a4 43. Bg4+ Ke7 44. Be2 Rd2 45. Ke3 Rxa2 46. Nd3 a3 47. Bd1 Bxe4 48. Nxc5 Bc6 49. Bb3 Rg2 50. Kd3 a2 51. Bxa2 Rxa2 52. Kd4 Rg2 53. Nd3 Rxg3 54. Ne5 Be8 55. c5 Rg5 56. Nd3 Rxh5 0-1

[Event "DSOL 2021"]
[Site "Germany"]
[Date "2021.02.11"]
[Round "3.4"]
[White "Beyerlein, Andreas"]
[Black "Strodthoff, Anton"]
[Result "0-1"]
[WhiteElo "2169"]
[BlackElo "1620"]
[Annotator "RC"]
[PlyCount "156"]
[EventDate "2021.01.18"]
[EventType "team-tourn"]
[EventCountry "GER"]
[SourceTitle "playchess.com"]
[Source "ChessBase"]
[SourceQuality "1"]

1. e4 e5 2. Nf3 Nc6 3. d4 exd4 4. Nxd4 Bc5 5. Be3 Bb6 6. Nc3 Nf6 7. Bc4 O-O 8. f3 d6 9. Qd2 Nxd4 10. Bxd4 Bxd4 11. Qxd4 a6 12. O-O-O Qe8 13. Nd5 Nxd5 14. exd5 Bf5 15. Rde1 Qd7 16. g4 Bg6 17. h4 f6 18. h5 Bf7 19. Bd3 Rae8 20. Bf5 Qb5 21. c4 Qa5 22. Reg1 h6 23. Bb1 Kh8 24. f4 Qc5 25. Qxc5 dxc5 26. Re1 Rxe1+ 27. Rxe1 Re8 28. Rxe8+ Bxe8 29. Be4 b6 30. Kd2 Kg8 31. Kc3 Kf8 32. Bf5 Ke7 33. Kd3 Kd6 34. Ke4 b5 35. Bc8 a5 36. b3 bxc4 37. bxc4 Ba4 38. Kd3 Bd1 39. Bf5 Bf3 40. Ke3 Bd1 41. Kd2 Ba4 42. Be4 Be8 43. Ke3 Bf7 44. Kd3 Bg8 45. Kc3 Bf7 46. Kb3 Be8 47. Ka3 Bd7 48. Bf3 Be8 49. Kb2 g5 50. hxg6 Bxg6 51. Kc3 f5 52. gxf5 Bxf5 53. Kd2 Ke7 54. Ke3 Bb1 55. a3 Kf6 56. Be2 Kf5 57. Kf3 Be4+ 58. Kg3 Bc2 59. Kf3 c6 60. dxc6 Be4+ 61. Ke3 Bxc6 62. Bh5 Bd7 63. Bf3 Be8 64. Bd5 Bg6 65. Kf3 Bh5+ 66. Kg3 Be2 67. Kf2 Bd3 68. Kf3 h5 69. Ke3 Bc2 70. Bg8 Kg4 71. Be6+ Bf5 72. Bd5 h4 73. Bf3+ Kg3 74. Bd5 h3 75. Bh1 h2 76. Bf3 Bh3 77. Ke2 Bg2 78. Bxg2 Kxg2 0-1

[Event "DSOL 2021"]
[Site "Germany"]
[Date "2021.02.08"]
[Round "3.4"]
[White "Budt, Matthias"]
[Black "Fucik, Timo"]
[Result "1/2-1/2"]
[WhiteElo "2155"]
[BlackElo "1620"]
[Annotator "TA"]
[PlyCount "81"]
[EventDate "2021.01.18"]
[EventType "team-tourn"]
[EventCountry "GER"]
[SourceTitle "playchess.com"]
[Source "ChessBase"]
[SourceQuality "1"]

1. d4 d5 2. Nf3 c6 3. c4 e6 4. Nc3 f5 5. Bf4 Nf6 6. e3 Be7 7. Bd3 O-O 8. Qc2 Ne4 9. g4 Na6 10. a3 Nc7 11. Rg1 Nxc3 12. bxc3 dxc4 13. Bxc4 Nd5 14. Bxd5 cxd5 15. gxf5 Rxf5 16. Rg3 Bd7 17. Qb3 Qa5 18. Be5 g6 19. Nd2 Bc6 20. Kf1 Bh4 21. Rg2 Raf8 22. f4 Rxe5 23. dxe5 d4 24. exd4 Rxf4+ 25. Kg1 Bxg2 26. Kxg2 Qa6 27. Qc4 Rf2+ 28. Kh3 Rxd2 29. Qxa6 bxa6 30. Kxh4 Rxh2+ 31. Kg5 Kg7 32. Rb1 h6+ 33. Kf4 g5+ 34. Ke4 Rh4+ 35. Kd3 Kg6 36. Rf1 Rh3+ 37. Ke4 Rh4+ 38. Kd3 Rh3+ 39. Ke4 Rh4+ 40. Ke3 Rh3+ 41. Ke4 1/2-1/2

[Event "DSOL 2021"]
[Site "Germany"]
[Date "2021.02.12"]
[Round "3.4"]
[White "Braun, Matthias"]
[Black "Mariko_"]
[Result "0-1"]
[WhiteElo "2140"]
[BlackElo "1620"]
[Annotator "TA"]
[PlyCount "102"]
[EventDate "2021.01.18"]
[EventType "team-tourn"]
[EventCountry "GER"]
[SourceTitle "playchess.com"]
[Source "ChessBase"]
[SourceQuality "1"]
[WhiteTeam "Eckernförder SC I "]
[BlackTeam "SF Deizisau II"]

1. d4 Nf6 2. Bf4 g6 3. e3 Bg7 4. Nf3 O-O 5. c3 c5 6. Nbd2 cxd4 7. exd4 d6 8. Be2 Nc6 9. O-O Re8 10. Bc4 Na5 11. Bb5 Bd7 12. Qa4 Bxb5 13. Qxb5 a6 14. Qd3 e5 15. dxe5 dxe5 16. Qxd8 Raxd8 17. Bg5 h6 18. Bxf6 Bxf6 19. Ne4 Bg7 20. Rad1 b6 21. g4 Nc4 22. b3 Nb2 23. Rxd8 Rxd8 24. Rb1 Rd1+ 25. Rxd1 Nxd1 26. c4 f6 27. Kf1 Kf7 28. Ke2 Nb2 29. Nfd2 f5 30. gxf5 gxf5 31. Ng3 Kg6 32. f3 h5 33. Ngf1 Bh6 34. Nb1 e4 35. fxe4 fxe4 36. Nc3 Nd3 37. Nxe4 Nc1+ 38. Kf3 Nxa2 39. Nd6 Nc1 40. b4 Nd3 41. b5 a5 42. Ke4 Nc5+ 43. Kd5 a4 44. Nc8 a3 45. Nxb6 a2 46. Kxc5 a1=Q 47. Ng3 Be3+ 48. Kd5 Bxb6 49. c5 Qa2+ 50. Kc6 Qe6+ 51. Kb7 Bxc5 0-1